[Event "Roncana op-A 9th"]
[Site "Santa Eulalia de Roncana"]
[Date "2015.11.14"]
[Round "6"]
[White "Castillo Martinez, Aran"]
[Black "Serrano Moron, Eloi"]
[Result "1/2-1/2"]
[WhiteElo "1888"]
[BlackElo "1981"]
[PlyCount "48"]
[EventDate "2015.10.03"]
[EventType "swiss"]
[EventRounds "8"]
[EventCountry "ESP"]
[SourceTitle "EXT 2017"]
[Source "ChessBase"]
[SourceDate "2016.10.25"]
[SourceVersion "1"]
[SourceVersionDate "2016.10.25"]
[SourceQuality "1"]

1. e4 e5 2. Nf3 Nc6 3. d4 exd4 4. Nxd4 Nf6 5. Nc3 Bb4 6. Nxc6 bxc6 7. Bd3 h6 8. 0-0 d6 9. Qf3 Bxc3 10. bxc3 Be6 11. Re1 Ng4 12. Qg3 Qf6 13. Be2 h5 14. Bxg4 hxg4 15. e5 dxe5 16. Rxe5 0-0 17. Be3 Qg6 18. Rg5 Qf6 19. Rd1 Rad8 20. Rxd8 Rxd8 21. h4 Qxc3 22. Qxc7 Rd5 23. Qxa7 Rxg5 24. hxg5 Qa1+ 1/2-1/2

[Event "Llinars del Valles op-B 8th"]
[Site "Llinars del Valles"]
[Date "2014.05.10"]
[Round "3"]
[White "Mato Teixidor, Felip"]
[Black "Serrano Moron, Eloi"]
[Result "0-1"]
[WhiteElo "1700"]
[BlackElo "1933"]
[PlyCount "66"]
[EventDate "2014.04.26"]
[EventType "swiss"]
[EventRounds "8"]
[EventCountry "ESP"]
[SourceTitle "EXT 2015"]
[Source "ChessBase"]
[SourceDate "2014.11.20"]
[SourceVersion "1"]
[SourceVersionDate "2014.11.20"]
[SourceQuality "1"]

1. e4 e5 2. Nf3 Nf6 3. Nc3 Bb4 4. Bc4 0-0 5. 0-0 d5 6. Nxd5 Nxd5 7. Bxd5 c6 8. Bb3 Bg4 9. c3 Bd6 10. Qe2 Bc7 11. Bc2 Na6 12. d4 exd4 13. e5 Bxf3 14. Qxf3 dxc3 15. Qxc3 Qh4 16. Re1 Bb6 17. Be3 Qb4 18. Qd3 g6 19. Bb3 Rad8 20. Qe2 Nc5 21. Bh6 Nxb3 22. Bxf8 Kxf8 23. axb3 Rd2 24. Qc4 Bxf2+ 25. Kf1 Qxc4+ 26. bxc4 Bxe1 27. Kxe1 Rxg2 28. Rxa7 Rxb2 29. Ra8+ Ke7 30. Rh8 Rxh2 31. Rc8 Rb2 32. Kd1 h5 33. Kc1 Rb4 0-1

[Event "Cerdanyola del Valles op-B 31th"]
[Site "Cerdanyola del Valles"]
[Date "2013.??.??"]
[Round "8.1"]
[White "Serrano Moron, Eloi"]
[Black "Estape Jorba, Miquel"]
[Result "1-0"]
[WhiteElo "1627"]
[BlackElo "1618"]
[PlyCount "109"]
[EventDate "2013.10.05"]
[EventType "swiss"]
[EventRounds "8"]
[EventCountry "ESP"]
[SourceTitle "EXT 2024"]
[Source "ChessBase"]
[SourceDate "2023.10.10"]
[SourceVersion "1"]
[SourceVersionDate "2023.10.10"]
[SourceQuality "1"]

1. e4 c5 2. Nf3 Nc6 3. d4 cxd4 4. Nxd4 g6 5. Nc3 Bg7 6. Be3 Nf6 7. Bc4 0-0 8. Bb3 d6 9. f3 Bd7 10. Qd2 Nxd4 11. Bxd4 b5 12. g4 a5 13. g5 b4 14. Nd5 Nxd5 15. Bxg7 Kxg7 16. Bxd5 Rc8 17. Bb7 Rc5 18. Ba6 Qc7 19. Bd3 d5 20. h4 Qg3+ 21. Qf2 Qxf2+ 22. Kxf2 dxe4 23. Bxe4 Bf5 24. Bxf5 gxf5 25. c3 bxc3 26. bxc3 Rxc3 27. Rhe1 e6 28. Re5 a4 29. Ra5 a3 30. Kg3 Rd8 31. h5 Rd5 32. Ra8 h6 33. gxh6+ Kxh6 34. Rb1 f4+ 35. Kxf4 Rf5+ 36. Ke4 Kxh5 37. Rg1 Kh4 38. Rh8+ Rh5 39. Rh1+ Kg3 40. R8xh5 f5+ 41. Kd4 Rc2 42. R1h3+ Kf4 43. R5h4+ Kg5 44. Rh2 Rc1 45. f4+ Kf6 46. Rh6+ Ke7 47. Re2 Rd1+ 48. Kc3 Rd6 49. Kb4 Ra6 50. Re3 Rd6 51. Kxa3 Ra6+ 52. Kb2 Rb6+ 53. Rb3 Rd6 54. Rb7+ Rd7 55. Rh7+ 1-0

[Event "Castell de Tona op 2nd"]
[Site "Castell de Tona"]
[Date "2012.12.07"]
[Round "4"]
[White "Gimeno Albareda, Andreu"]
[Black "Serrano Moron, Eloi"]
[Result "0-1"]
[WhiteElo "1959"]
[BlackElo "1855"]
[PlyCount "48"]
[EventDate "2012.12.06"]
[EventType "swiss"]
[EventRounds "6"]
[EventCountry "ESP"]
[SourceTitle "EXT 2014"]
[Source "ChessBase"]
[SourceDate "2013.11.20"]
[SourceVersion "1"]
[SourceVersionDate "2013.11.20"]
[SourceQuality "1"]

1. e4 c6 2. d4 d5 3. exd5 cxd5 4. Bd3 Nf6 5. Bg5 Bg4 6. f3 Bh5 7. Ne2 e6 8. Nd2 Be7 9. Nf1 Nbd7 10. Qd2 0-0 11. h4 Re8 12. Be3 a6 13. c3 e5 14. Nfg3 exd4 15. Bxd4 Bd6 16. Nf5 Bc7 17. 0-0-0 Ne5 18. Bc2 Nc4 19. Qg5 Bg6 20. Nxg7 Rxe2 21. Bxf6 Rxc2+ 22. Kb1 Rxg2+ 23. Qxg6 Rxg6 24. Bxd8 Rxd8 0-1

[Event "Barcelona La Lira-B 15th"]
[Site "Barcelona"]
[Date "2012.07.25"]
[Round "5"]
[White "Romero Funieles, Rafael de Jesus"]
[Black "Serrano Moron, Eloi"]
[Result "1-0"]
[WhiteElo "1780"]
[BlackElo "1596"]
[PlyCount "63"]
[EventDate "2012.07.21"]
[EventType "tourn"]
[EventRounds "9"]
[EventCountry "ESP"]
[SourceTitle "EXT 2014"]
[Source "ChessBase"]
[SourceDate "2013.11.20"]
[SourceVersion "1"]
[SourceVersionDate "2013.11.20"]
[SourceQuality "1"]

1. e4 c6 2. Nf3 d5 3. exd5 cxd5 4. d4 Bg4 5. Be2 e6 6. Ne5 Bxe2 7. Qxe2 Nd7 8. Qb5 Qc7 9. Qxd7+ Qxd7 10. Nxd7 Kxd7 11. 0-0 Nf6 12. f3 Bd6 13. Bg5 h6 14. Be3 Rac8 15. c3 Rcg8 16. Nd2 g5 17. c4 h5 18. c5 Bc7 19. b4 Rg7 20. Rab1 g4 21. f4 h4 22. b5 g3 23. h3 Ba5 24. Nb3 Bc7 25. Nd2 Rgg8 26. b6 axb6 27. cxb6 Bd6 28. f5 e5 29. dxe5 Bxe5 30. Nf3 Bd6 31. Bd4 Rh5 32. Bxf6 1-0

[Event "Barcelona La Lira-B 15th"]
[Site "Barcelona"]
[Date "2012.07.22"]
[Round "2"]
[White "Serrano Moron, Eloi"]
[Black "Ramos Alvarez, Maximo"]
[Result "0-1"]
[WhiteElo "1596"]
[BlackElo "1870"]
[PlyCount "110"]
[EventDate "2012.07.21"]
[EventType "tourn"]
[EventRounds "9"]
[EventCountry "ESP"]
[SourceTitle "EXT 2014"]
[Source "ChessBase"]
[SourceDate "2013.11.20"]
[SourceVersion "1"]
[SourceVersionDate "2013.11.20"]
[SourceQuality "1"]

1. d4 d5 2. Nf3 Nc6 3. g3 Bf5 4. Bg2 Nf6 5. 0-0 e6 6. Bg5 Be7 7. c3 h6 8. Bxf6 Bxf6 9. Nbd2 0-0 10. Re1 e5 11. dxe5 Nxe5 12. Nxe5 Bxe5 13. e4 dxe4 14. Nxe4 Qe7 15. Qa4 Bd7 16. Qa5 b6 17. Qd5 c6 18. Qd1 Rad8 19. Qh5 f5 20. Nd2 Be8 21. Qe2 Qf6 22. Nc4 Bc7 23. Qe6+ Qxe6 24. Rxe6 b5 25. Ne5 Rd2 26. Nxc6 Bxc6 27. Rxc6 Bb6 28. Rf1 Rxb2 29. Bd5+ Kh8 30. c4 bxc4 31. Bxc4 Rd8 32. Be6 Rf8 33. Rc3 g6 34. Rf3 Rf6 35. Bb3 Rd6 36. Re1 Rdd2 37. Re8+ Kg7 38. Re7+ Kf8 39. Rf7+ Ke8 40. Rf6 Bxf2+ 41. Rxf2 Rxf2 42. Rxg6 Rg2+ 43. Kh1 Rxh2+ 44. Kg1 Rhg2+ 45. Kf1 Rh2 46. Kg1 Rh3 47. Be6 Rhh2 48. Bb3 a5 49. Rg7 a4 50. Bxa4+ Kf8 51. Rg6 Rxa2 52. Bb5 Rhg2+ 53. Kf1 Rgf2+ 54. Ke1 Rfb2 55. Rd6 Rxb5 0-1

[Event "Barcelona La Lira op 30th"]
[Site "Barcelona"]
[Date "2012.02.24"]
[Round "6"]
[White "Serrano Moron, Eloi"]
[Black "Martinez Hernandez, Emili"]
[Result "0-1"]
[WhiteElo "1598"]
[BlackElo "1772"]
[PlyCount "108"]
[EventDate "2012.01.20"]
[EventType "swiss"]
[EventRounds "8"]
[EventCountry "ESP"]
[SourceTitle "EXT 2013"]
[Source "ChessBase"]
[SourceDate "2012.11.22"]
[SourceVersion "1"]
[SourceVersionDate "2012.11.22"]
[SourceQuality "1"]

1. d4 Nf6 2. Nf3 e6 3. g3 d5 4. Bg2 Nbd7 5. 0-0 Bd6 6. Bg5 h6 7. Bxf6 Qxf6 8. c3 0-0 9. Nbd2 Qe7 10. e4 c6 11. exd5 exd5 12. Re1 Qd8 13. Qc2 Nf6 14. Re2 Be6 15. Rae1 Qd7 16. Ne5 Bxe5 17. dxe5 Nh7 18. f4 Rad8 19. Nf3 Bg4 20. Qa4 b5 21. Qb3 Rfe8 22. a4 a6 23. a5 Nf8 24. Qb4 Ne6 25. Rd2 Qa7+ 26. Kh1 Nc5 27. Nd4 Bd7 28. f5 Ne4 29. Bxe4 c5 30. Qb3 dxe4 31. e6 c4 32. Qc2 fxe6 33. Nxe6 Bxe6 34. Rxd8 Rxd8 35. fxe6 Qb7 36. Qxe4 Qxe4+ 37. Rxe4 Rd1+ 38. Kg2 Kf8 39. e7+ Ke8 40. Re6 Rd2+ 41. Kh3 Rxb2 42. Rxa6 Kxe7 43. Rb6 Kd7 44. Rb7+ Kc6 45. Rxg7 Ra2 46. Rg6+ Kc5 47. a6 b4 48. cxb4+ Kxb4 49. Rxh6 c3 50. Rc6 Kb3 51. g4 c2 52. g5 Rxa6 53. Rxa6 c1Q 54. Rb6+ Ka4 0-1

[Event "Barcelona La Lira op 30th"]
[Site "Barcelona"]
[Date "2012.02.10"]
[Round "4"]
[White "Serrano Moron, Eloi"]
[Black "Montalban Colell, Bernat"]
[Result "0-1"]
[WhiteElo "1598"]
[BlackElo "1871"]
[PlyCount "94"]
[EventDate "2012.01.20"]
[EventType "swiss"]
[EventRounds "8"]
[EventCountry "ESP"]
[SourceTitle "EXT 2013"]
[Source "ChessBase"]
[SourceDate "2012.11.22"]
[SourceVersion "1"]
[SourceVersionDate "2012.11.22"]
[SourceQuality "1"]

1. h3 e6 2. c3 d5 3. d4 Nf6 4. Bg5 Be7 5. Nd2 Nbd7 6. Ngf3 0-0 7. e3 c5 8. Bd3 Re8 9. 0-0 Qb6 10. Rb1 c4 11. Bc2 Qa5 12. Ra1 b5 13. a3 Bb7 14. Re1 Ne4 15. Bxe7 Rxe7 16. Nxe4 dxe4 17. Nh2 f5 18. Qh5 Nf6 19. Qg5 Qc7 20. Nf1 Rf8 21. Qg3 Qd8 22. Qe5 Bd5 23. a4 a6 24. axb5 axb5 25. Ra6 Qb8 26. Qd6 Qxd6 27. Rxd6 Ra8 28. Rb6 Rb7 29. Rxb7 Bxb7 30. Bb1 Nd5 31. Ng3 b4 32. Ne2 b3 33. Kf1 Nb6 34. Nf4 Kf7 35. Rd1 Ra1 36. Ke2 Na4 37. Bxe4 Nxc3+ 38. bxc3 Ra2+ 39. Rd2 Bxe4 40. Kd1 b2 41. Rxb2 Rxb2 42. f3 Bd5 43. Ne2 g5 44. Ke1 Bc6 45. Kf2 Ba4 46. Ke1 Bc2 47. Ng3 Bd3 0-1